000 00633nam a2200193 a 4500
001 000043203
005 20240530073922.0
008 140225s2012 dr 000 f spa d
040 _aDO-SdBNP
_bspa
_cBNPHU
082 _aRD863.44
_bC697c
100 1 _aCollado, Lourdes
_970793
245 1 0 _aCherry, entre cardos y rosas. :
_bla historia real de una vida /
_cLourdes Collado.
260 _aSanto Domingo, :
_bCyan graphic publicidad,
_c2012.
300 _a80 p. ;
_c22 cm.
590 _aInventariado, 2019/VM
650 0 _aNovela dominicana
_9223
650 0 _aLiteratura dominicana.
_967
910 _aValidado. Control de calidad MFF
999 _c42692
_d42692